Attendance incentives and teacher absenteeism (Record no. 62977)
[ view plain ]
| 000 -CABECERA | |
|---|---|
| campo de control de longitud fija | 00537nam a2200205 a 4500 |
| 005 - FECHA Y HORA DE LA ÚLTIMA TRANSACCIÓN | |
| campo de control | 20210219152902.0 |
| 008 - ELEMENTOS DE LONGITUD FIJA--INFORMACIÓN GENERAL | |
| campo de control de longitud fija | 991125n 000 0 eng u |
| 035 ## - NÚMERO DE CONTROL DEL SISTEMA | |
| Número de control de sistema | UPN01000065193 |
| 100 1# - ASIENTO PRINCIPAL--NOMBRE PERSONAL | |
| Nombre de persona | Jacobson, Stephen L |
| 222 ## - TÍTULO CLAVE | |
| Título clave | PLANNING AND CHANGING |
| 245 ## - MENCIÓN DE TÍTULO | |
| Título | Attendance incentives and teacher absenteeism |
| 300 ## - DESCRIPCIÓN FÍSICA | |
| Extensión | 78-93 |
| 362 0# - FECHAS DE PUBLICACIÓN Y/O DESIGNACIÓN SECUENCIAL | |
| Fecha de publicación y/o designación secuencial | 1990 Vol. 21, no. 2 |
| 653 0# - TERMINO DE INDIZACION - NO CONTROLADO | |
| Término no controlado | MAESTROS |
| 653 0# - TERMINO DE INDIZACION - NO CONTROLADO | |
| Término no controlado | AUSENTISMO DOCENTE |
| 653 0# - TERMINO DE INDIZACION - NO CONTROLADO | |
| Término no controlado | MOTIVACION |
| 653 0# - TERMINO DE INDIZACION - NO CONTROLADO | |
| Término no controlado | MODELOS DE CONDUCTA |
| 904 ## - ELEMENTOS DE DATOS D LOCAL, LDD (RLIN) | |
| a | AC |
| b | 003004 |
| 905 ## - TIPO DE MATERIAL | |
| Tipo de material | Articulo |
No items available.
